000 nam a22 7a 4500
999 _c8782
_d8782
008 180119b ||||| |||| 00| 0 eng d
100 _aPANDEY
_95116
245 _aInformation Technology-VI
260 _aNew Delhi
_bArya
_c2009